[Event "ICS rated bullet match"]
[Site "204.178.125.65"]
[Date "2001.09.02"]
[Round "?"]
[White "Expert13"]
[Black "Hossa"]
[Result "1-0"]
[WhiteElo "2635"]
[BlackElo "2458"]
[PlyCount "105"]
[EventDate "2001.??.??"]

1. d4 Nf6 2. Nf3 e6 3. c4 d5 4. Nc3 Be7 5. Bg5 O-O 6. e3 h6 7. Bh4 c6 8. Rc1
Nbd7 9. Bd3 dxc4 10. Bxc4 c5 11. O-O Nb6 12. Bb5 cxd4 13. Nxd4 e5 14. Nf3 Qxd1
15. Rfxd1 Bg4 16. Be2 Nbd7 17. h3 Be6 18. Bb5 g5 19. Bg3 g4 20. hxg4 Bxg4 21.
Rd2 Rfd8 22. Nxe5 Nxe5 23. Rxd8+ Rxd8 24. Bxe5 Rd2 25. e4 Rxb2 26. Nd5 Nxd5 27.
Bxb2 Bf6 28. exd5 Bxb2 29. Rc7 Kg7 30. Rxb7 Bd4 31. d6 Kf6 32. d7 Ke7 33. Rb8
Bb6 34. Re8+ Kf6 35. d8=Q+ Bxd8 36. Rxd8 a5 37. Ra8 a4 38. Rxa4 Bf5 39. Bc4 Bg6
40. Ra7 h5 41. a4 h4 42. f4 Bh5 43. a5 Bd1 44. Rxf7+ Kg6 45. a6 Ba4 46. Rc7 Kf5
47. a7 Kxf4 48. a8=Q Bc2 49. Qf3+ Kg5 50. Rc5+ Bf5 51. Qxf5+ Kh6 52. Qf6+ Kh7
53. Rh5# {Hossa checkmated} 1-0

[Event "ICS rated bullet match"]
[Site "204.178.125.65"]
[Date "2001.09.02"]
[Round "?"]
[White "Hossa"]
[Black "ChepinPC"]
[Result "1/2-1/2"]
[WhiteElo "2450"]
[BlackElo "2642"]
[PlyCount "117"]
[EventDate "2001.??.??"]

1. e4 e5 2. Nf3 Nc6 3. Bb5 Nf6 4. Qe2 Be7 5. c3 d6 6. d4 Bd7 7. O-O O-O 8. dxe5
Nxe5 9. Nxe5 dxe5 10. Bxd7 Qxd7 11. Rd1 Qg4 12. f3 Qh5 13. Be3 Rfd8 14. Nd2 a6
15. Nc4 Nd7 16. Rd5 c6 17. Rd2 Nf6 18. g4 Rxd2 19. Qxd2 Qh4 20. Nxe5 Rd8 21.
Qf2 Qh3 22. Qf1 Qh4 23. Rd1 Rd6 24. Qe2 Qh3 25. Rxd6 Bxd6 26. Nd3 Nd7 27. Bg5
h5 28. Bf4 Be7 29. Qg2 hxg4 30. Qxg4 Bc5+ 31. Nf2 Qxg4+ 32. fxg4 Nf6 33. Kg2
Bxf2 34. Kxf2 Nxg4+ 35. Kf3 Nf6 36. b3 Kf8 37. Bg5 Nd7 38. Bf4 Ke7 39. h3 b5
40. Ke3 c5 41. b4 g6 42. Bc7 f6 43. a3 Ke6 44. Kd3 cxb4 45. axb4 Ne5+ 46. Bxe5
Kxe5 47. Ke3 g5 48. Kf3 Kd6 49. Kg4 Ke5 50. Kf3 f5 51. exf5 Kxf5 52. Kg3 Ke6
53. Kg4 Kf6 54. Kf3 Kf5 55. Kg3 Ke5 56. Kg4 Kf6 57. Kf3 Ke5 58. Kg4 Kf6 59. Kf3
{Game drawn by repetition} 1/2-1/2

[Event "ICS rated bullet match"]
[Site "204.178.125.65"]
[Date "2001.09.02"]
[Round "?"]
[White "ChepinPC"]
[Black "Hossa"]
[Result "0-1"]
[WhiteElo "2623"]
[BlackElo "2453"]
[PlyCount "172"]
[EventDate "2001.??.??"]

1. d4 d5 2. c4 dxc4 3. Nf3 Nf6 4. e3 e6 5. Bxc4 c5 6. O-O a6 7. Qe2 cxd4 8. Rd1
Bd6 9. Nxd4 O-O 10. Nd2 Bd7 11. b3 Qc7 12. N4f3 Bc6 13. Bb2 Nbd7 14. Rac1 Ng4
15. g3 Qa5 16. a4 Qh5 17. Qd3 Nde5 18. Bxe5 Bxe5 19. Ne4 Bc7 20. Re1 Ba5 21.
Qb1 Bxe1 22. Rxe1 b6 23. Rf1 b5 24. axb5 axb5 25. Bd3 f5 26. Ned2 e5 27. h3
Qxh3 28. Bxf5 Rae8 29. b4 Bd5 30. Rc1 Qh5 31. e4 Be6 32. Bxe6+ Rxe6 33. Qb3
Rfe8 34. Rc5 Kh8 35. Rxb5 Rh6 36. Nh4 g5 37. Ndf3 gxh4 38. Nxh4 Rc8 39. Rc5 Rg8
40. Kg2 Rf6 41. Rc2 Rf7 42. Qc3 Nf6 43. Nf5 Nxe4 44. Qxe5+ Rf6 45. Qxe4 Qxf5
46. Qxf5 Rxf5 47. Rc4 Rb5 48. f4 Rgb8 49. Rc7 Rxb4 50. Kh3 Rg8 51. Rc3 Kg7 52.
Re3 Kf6 53. Rc3 Rd4 54. Rb3 Rd1 55. Rb6+ Kf7 56. Rb7+ Ke6 57. Rb3 h5 58. Re3+
Kd6 59. Rb3 h4 60. g4 Rg1 61. g5 Rf8 62. Rb4 Kd5 63. Ra4 Rh8 64. Rb4 Rg3+ 65.
Kh2 Re8 66. Rb2 Rf8 67. Rb4 Rg4 68. Ra4 Rfxf4 69. Ra5+ Ke6 70. Rb5 Rf2+ 71. Kh3
Rfg2 72. Rb6+ Kf5 73. Rb5+ Kf4 74. Rb4+ Kxg5 75. Rb5+ Kh6 76. Rh5+ Kg6 77. Rh6+
Kg7 78. Rh7+ Kg8 79. Rh8+ Kf7 80. Rf8+ Kg6 81. Rf6+ Kg7 82. Rf3 R4g3+ 83. Rxg3+
Rxg3+ 84. Kxh4 Rg6 85. Kh3 Kf6 86. Kh2 Ke5 {ChepinPC resigns} 0-1

[Event "ICS rated bullet match"]
[Site "204.178.125.65"]
[Date "2001.09.02"]
[Round "?"]
[White "Hossa"]
[Black "ChepinPC"]
[Result "0-1"]
[WhiteElo "2464"]
[BlackElo "2571"]
[PlyCount "166"]
[EventDate "2001.??.??"]

1. e4 c6 2. Nf3 d5 3. exd5 cxd5 4. d4 Nf6 5. Bd3 g6 6. O-O Bg7 7. Bf4 Qb6 8. b3
Nc6 9. c3 O-O 10. Nbd2 Nh5 11. Be3 Qc7 12. Re1 e5 13. Bb5 e4 14. Ng5 h6 15.
Ngxe4 dxe4 16. Nxe4 a6 17. Bxc6 bxc6 18. Nc5 Re8 19. Qd2 Kh7 20. c4 Qd6 21. b4
f5 22. g3 Rd8 23. Rad1 f4 24. gxf4 Rf8 25. d5 Nxf4 26. Bxf4 Qxf4 27. Qxf4 Rxf4
28. dxc6 Rxc4 29. a3 Bg4 30. Rc1 Rxc1 31. Rxc1 Bb2 32. Rc4 Bf3 33. c7 Rc8 34.
Rc2 Bxa3 35. Nxa6 Bb7 36. Ra2 Re8 37. f3 Bc1 38. Nc5 Bxf3 39. Kf2 Bg4 40. Kg3
Bc8 41. Rc2 Ba3 42. Rc4 Bb2 43. Kf3 Be5 44. Nd3 Bxh2 45. b5 Bg1 46. Kg2 Bb6 47.
Nf4 Bb7+ 48. Kg3 Rc8 49. Rb4 Rxc7 50. Ne6 Rc3+ 51. Kf4 Bc8 52. Re4 g5+ 53. Ke5
Rb3 54. Nd4 Rb4 55. Nc6 Rxb5+ 56. Kd6 Bc5+ 57. Kc7 Bf5 58. Re2 Rb3 59. Rh2 Rc3
60. Re2 Be3 61. Kd6 Bg4 62. Re1 Rd3+ 63. Kc7 Rd7+ 64. Kb8 Bf4+ 65. Ka8 Rd6 66.
Nb4 Bd2 67. Re7+ Kg6 68. Nc2 Re6 69. Rc7 Bf3+ 70. Ka7 Ba5 71. Rc8 Re7+ 72. Ka6
Bb7+ 73. Kxa5 Bxc8 74. Kb6 g4 75. Ka5 g3 76. Nd4 Bb7 77. Kb5 g2 78. Nb3 g1=Q
79. Kb4 Qb6+ 80. Kc4 Rc7+ 81. Nc5 Qxc5+ 82. Kd3 Bf3 83. Kd2 Qc3# {
Hossa checkmated} 0-1

[Event "ICS rated bullet match"]
[Site "204.178.125.65"]
[Date "2001.09.02"]
[Round "?"]
[White "ChepinPC"]
[Black "Hossa"]
[Result "1-0"]
[WhiteElo "2595"]
[BlackElo "2458"]
[PlyCount "111"]
[EventDate "2001.??.??"]

1. d4 Nf6 2. Nf3 Nc6 3. d5 Nb8 4. Nc3 e6 5. e4 Bb4 6. dxe6 fxe6 7. Bd3 O-O 8.
Bd2 d6 9. O-O Nc6 10. a3 Ba5 11. b4 Bb6 12. Na4 Kh8 13. b5 Nd4 14. Nxb6 Nxf3+
15. Qxf3 axb6 16. e5 dxe5 17. Bb4 Rf7 18. Rfd1 Qe8 19. c4 c6 20. a4 e4 21. Bxe4
e5 22. Re1 Ng4 23. Qh3 Nf6 24. Qh4 Nxe4 25. Qxe4 Bf5 26. Qe2 e4 27. f3 c5 28.
Bc3 Re7 29. fxe4 Rxe4 30. Qb2 Qd7 31. Rxe4 Bxe4 32. Re1 Bg6 33. Rf1 Kg8 34. Qb3
Qg4 35. h3 Qg3 36. Rf3 Qh4 37. Kh2 Bf7 38. Rg3 g6 39. Rg4 Qf2 40. Bb2 Be6 41.
Qc3 Kf7 42. Qg7+ Ke8 43. Bf6 Qxf6 44. Qxf6 Bxg4 45. Qh8+ Kd7 46. Qxa8 Be6 47.
Qxb7+ Ke8 48. Qxb6 Bf5 49. Qb8+ Kd7 50. Qe5 Bc2 51. b6 Be4 52. Qxe4 h5 53. Qe5
h4 54. b7 Kc6 55. b8=Q g5 56. Qbc7# {Hossa checkmated} 1-0

[Event "ICS rated bullet match"]
[Site "204.178.125.65"]
[Date "2001.09.02"]
[Round "?"]
[White "Hossa"]
[Black "Expert13"]
[Result "0-1"]
[WhiteElo "2452"]
[BlackElo "2615"]
[PlyCount "100"]
[EventDate "2001.??.??"]

1. d4 d5 2. c4 dxc4 3. e4 Nc6 4. Nf3 Bg4 5. Bxc4 e6 6. Bb5 Nge7 7. Be3 Bxf3 8.
Qxf3 a6 9. Bxc6+ Nxc6 10. Qd1 Qh4 11. Nc3 Bb4 12. Qd3 Rd8 13. O-O-O Bxc3 14.
bxc3 Qg4 15. Rhg1 Qh5 16. Bf4 e5 17. Bg3 exd4 18. Bxc7 Rd7 19. Qg3 Qg6 20. cxd4
Qxg3 21. Bxg3 Nxd4 22. Rd2 Ke7 23. Be5 Rhd8 24. Rgd1 Ne2+ 25. Kc2 f6 26. Rxd7+
Rxd7 27. Rxd7+ Kxd7 28. Kd2 fxe5 29. Kxe2 g5 30. Ke3 Ke6 31. f3 b5 32. g3 a5
33. Kd2 Kd6 34. Kc3 Kc5 35. Kd3 b4 36. Ke3 Kc4 37. Kd2 a4 38. Kc2 Kd4 39. Kd2
Kc4 40. Kc2 h6 41. g4 a3 42. Kc1 b3 43. Kb1 b2 44. Kc2 Kd4 45. Kb1 Kc3 46. h3
Kd3 47. f4 gxf4 48. h4 f3 49. g5 f2 50. h5 f1=Q# {Hossa checkmated} 0-1

[Event "ICS rated bullet match"]
[Site "204.178.125.65"]
[Date "2001.09.02"]
[Round "?"]
[White "Expert13"]
[Black "Hossa"]
[Result "1-0"]
[WhiteElo "2624"]
[BlackElo "2443"]
[PlyCount "81"]
[EventDate "2001.??.??"]

1. d4 Nf6 2. Nf3 e6 3. c4 d5 4. Nc3 c6 5. e3 Nbd7 6. Qc2 Bb4 7. cxd5 exd5 8.
Bd3 Nb6 9. O-O O-O 10. Ne5 Re8 11. Bd2 Bd6 12. f4 Be7 13. Rac1 Be6 14. a4 Bb4
15. Rf3 Qc8 16. Rg3 a5 17. Be1 Qd8 18. f5 Bc8 19. Ne2 Bd6 20. Nf4 Bxe5 21. dxe5
Rxe5 22. Bc3 Nbd7 23. Bxe5 Nxe5 24. Rf1 Nxd3 25. Nxd3 Ne4 26. Rgf3 Qe7 27. Nf2
Ng5 28. Rg3 Bd7 29. h4 Ne4 30. Nxe4 Qxe4 31. Qc3 g6 32. Qf6 Be8 33. fxg6 hxg6
34. h5 Kf8 35. hxg6 c5 36. Qd6+ Qe7 37. g7+ Kg8 38. Qxe7 Bd7 39. Qxf7+ Kh7 40.
g8=Q+ Kh6 41. Qgg7# {Hossa checkmated} 1-0

[Event "ICS rated bullet match"]
[Site "204.178.125.65"]
[Date "2001.09.02"]
[Round "?"]
[White "Hossa"]
[Black "Expert13"]
[Result "0-1"]
[WhiteElo "2435"]
[BlackElo "2647"]
[PlyCount "88"]
[EventDate "2001.??.??"]

1. d4 d5 2. c3 Nc6 3. Nf3 Nf6 4. g3 Bf5 5. Bg2 e6 6. O-O Be7 7. Nh4 Bg4 8. h3
Bh5 9. Bf3 Bxf3 10. Nxf3 O-O 11. Qc2 Ne4 12. Nbd2 f5 13. b3 Qe8 14. a3 Qh5 15.
h4 Rf6 16. Ra2 Rg6 17. Kh2 Qg4 18. Nxe4 fxe4 19. Ng5 Bd6 20. Kg2 h6 21. Rh1 Rf8
22. Qd1 Rxf2+ 23. Kxf2 Bxg3+ 24. Kf1 Rf6+ 25. Nf3 exf3 26. e3 Bxh4 27. Rc2 Bg3
28. a4 h5 29. Qd2 h4 30. Ba3 h3 31. Qd1 Rh6 32. c4 h2 33. Rg2 fxg2+ 34. Kxg2
Qh3+ 35. Kf3 Nxd4+ 36. Qxd4 Be5+ 37. Ke2 Bxd4 38. Bc5 Qxe3+ 39. Kd1 Qf3+ 40.
Kc2 Qg2+ 41. Kc1 Qxh1+ 42. Kc2 Qg2+ 43. Kd3 Rh3+ 44. Kxd4 Qe4# {
Hossa checkmated} 0-1

[Event "ICS rated bullet match"]
[Site "204.178.125.65"]
[Date "2001.09.02"]
[Round "?"]
[White "Expert13"]
[Black "Hossa"]
[Result "1-0"]
[WhiteElo "2654"]
[BlackElo "2428"]
[PlyCount "103"]
[EventDate "2001.??.??"]

1. d4 d5 2. c4 dxc4 3. e3 Nf6 4. Bxc4 e6 5. Nf3 a6 6. O-O c5 7. a4 cxd4 8. exd4
Bd6 9. Qe2 O-O 10. Nc3 Qc7 11. Bg5 Ng4 12. h3 Nh2 13. Nxh2 Bxh2+ 14. Kh1 h6 15.
Be3 Bf4 16. Bxf4 Qxf4 17. d5 Re8 18. Rfd1 Bd7 19. dxe6 fxe6 20. Rd2 b6 21. Rad1
Ra7 22. Rd6 Kh8 23. Rxb6 Rf8 24. Kg1 e5 25. Rbd6 a5 26. g3 Qg5 27. Nb5 Rb7 28.
Bd5 Bxb5 29. axb5 Rd7 30. Re6 Rxd5 31. Rxd5 Qf5 32. Rdxe5 Qh7 33. Re8 Qb1+ 34.
Kg2 Nd7 35. Rxf8+ Nxf8 36. Re8 Qf5 37. Qf3 Qxf3+ 38. Kxf3 Kg8 39. b6 Kf7 40.
Rxf8+ Kxf8 41. b7 Ke7 42. b8=Q g6 43. Qe5+ Kf7 44. Qxa5 Ke6 45. Qa6+ Kd5 46.
Qxg6 Ke5 47. b4 Kd5 48. b5 Ke5 49. Ke3 Kd5 50. Qc6+ Ke5 51. f4+ Kf5 52. g4# {
Hossa checkmated} 1-0

[Event "ICS rated blitz match"]
[Site "204.178.125.65"]
[Date "2001.09.02"]
[Round "?"]
[White "star2"]
[Black "Hossa"]
[Result "1/2-1/2"]
[WhiteElo "2683"]
[BlackElo "2576"]
[PlyCount "206"]
[EventDate "2001.??.??"]

1. e4 c5 2. c3 d6 3. d4 Nf6 4. Bd3 cxd4 5. Nf3 dxc3 6. Nxc3 e6 7. Bg5 Be7 8.
Qa4+ Bd7 9. Qb3 b6 10. O-O-O Nc6 11. Ba6 O-O 12. Bxf6 gxf6 13. Rhe1 Bc8 14. Bb5
Bb7 15. Bxc6 Bxc6 16. Nd4 Bb7 17. f4 Rc8 18. Kc2 Kh8 19. Kb1 a6 20. f5 e5 21.
Nf3 b5 22. Rd2 Rc4 23. a4 Qa8 24. Rde2 Bd8 25. axb5 axb5 26. Qxb5 Ba6 27. Qd5
Rc6 28. Qd2 Bxe2 29. Rxe2 Kg7 30. Qe1 Ba5 31. Qg3+ Kh8 32. Qh4 d5 33. exd5 Ra6
34. d6 Bd8 35. d7 Qa7 36. Qb4 Rg8 37. Rd2 Qa8 38. Kc2 Rc6 39. Qb3 e4 40. Nd4
Rc5 41. g3 e3 42. Rd3 Qe4 43. Nde2 Qxf5 44. Nf4 Rf8 45. Kc1 Ra5 46. Qb4 Rg8 47.
Kc2 Re5 48. Qd4 Be7 49. Qc4 Rf8 50. h3 Rd8 51. g4 Qg5 52. Rd4 Bc5 53. Rd1 Bf8
54. Qc7 Be7 55. Nd3 Qg6 56. Re1 Re6 57. Qa7 Rd6 58. Rxe3 R6xd7 59. Qa6 Bc5 60.
Rg3 Bd4 61. Rf3 h5 62. Rg3 Be5 63. Re3 Qg5 64. Nxe5 fxe5 65. Qe2 Qg6+ 66. Ne4
h4 67. Kc1 Qc6+ 68. Nc3 Qh6 69. Kc2 Qg6+ 70. Kc1 Ra7 71. b3 Qg5 72. Kb1 Ra5 73.
b4 Rb8 74. Re4 f6 75. Qd1 Ra3 76. Kb2 Rba8 77. Qd3 Qh6 78. Kc2 Qg6 79. Qc4 Qe8
80. Kb2 R3a6 81. Qc5 Qg6 82. Qe3 Ra1 83. Rc4 Rh1 84. Ne4 Qh7 85. Qf2 Rf8 86. g5
Rxh3 87. gxf6 Qg6 88. Qc5 Re8 89. Qc6 Rb8 90. Qd6 Rh2+ 91. Kb3 Ra8 92. Qxe5
Rh3+ 93. Kc2 Rha3 94. f7+ Kh7 95. Qg5 Kg7 96. f8=B+ Rxf8 97. Rc7+ Rf7 98. Qe5+
Kg8 99. Rc8+ Rf8 100. Qd5+ Kg7 101. Qd4+ Kg8 102. Qd5+ Kg7 103. Qe5+ Kg8 {
Game drawn by mutual agreement} 1/2-1/2

[Event "ICS rated blitz match"]
[Site "204.178.125.65"]
[Date "2001.09.02"]
[Round "?"]
[White "Hossa"]
[Black "star2"]
[Result "0-1"]
[WhiteElo "2581"]
[BlackElo "2678"]
[PlyCount "83"]
[EventDate "2001.??.??"]

1. d4 Nf6 2. Nf3 d5 3. c4 dxc4 4. Ne5 Nbd7 5. Nxc4 b5 6. Ncd2 a6 7. Nf3 Nb6 8.
g3 Bb7 9. Bh3 e5 10. dxe5 Qxd1+ 11. Kxd1 Ne4 12. Rf1 Rd8+ 13. Kc2 Bc5 14. e3 h6
15. Nbd2 Ng5 16. Nxg5 hxg5 17. Bf5 g6 18. Bd3 Rxh2 19. e6 fxe6 20. Nb3 Bb4 21.
a3 Be7 22. Bxg6+ Kf8 23. Nd2 c5 24. Bd3 c4 25. Be2 Na4 26. Ra2 Kg7 27. Bg4 Kf7
28. e4 Nc5 29. e5 Nb3 30. Kc3 Nxc1 31. Rxc1 Rxf2 32. Rd1 Rd3+ 33. Kc2 Bc5 34.
a4 Be4 35. Kc1 Be3 36. Ra3 Bxd2+ 37. Rxd2 Rdxd2 38. Bd1 Rxb2 39. Ra1 c3 40.
Bh5+ Kg7 41. Bd1 Rf1 42. axb5 {Hossa resigns} 0-1

[Event "ICS rated blitz match"]
[Site "204.178.125.65"]
[Date "2001.09.02"]
[Round "?"]
[White "star2"]
[Black "Hossa"]
[Result "1-0"]
[WhiteElo "2690"]
[BlackElo "2569"]
[PlyCount "80"]
[EventDate "2001.??.??"]

1. e4 c5 2. c3 Nf6 3. e5 Nd5 4. d4 cxd4 5. cxd4 d6 6. Nf3 Nc6 7. Nc3 dxe5 8.
dxe5 e6 9. Bd2 Be7 10. Be2 O-O 11. Qb3 Ndb4 12. Rd1 Bd7 13. Qc4 Na5 14. Qg4 f5
15. exf6 Rxf6 16. O-O Nac6 17. Qe4 Qe8 18. Rfe1 Rf5 19. Bc4 Rf7 20. a3 Na6 21.
b4 Bf6 22. Nb5 Qf8 23. Bf4 Nd8 24. Nd6 Bc6 25. Qd3 Rc7 26. Nd4 Bxd4 27. Qxd4
Ba4 28. Rd2 h6 29. Qe3 Kh8 30. Be5 Kg8 31. Qe4 Bc6 32. Qg6 Nxb4 33. axb4 Bxg2
34. Bd3 Qf7 35. Nxf7 Rxf7 36. Qh7+ Kf8 37. Bd6+ Re7 38. Rxe6 Be4 39. Rf6+ gxf6
40. Qxe7+ Kg8 {Hossa resigns} 1-0

[Event "ICS rated standard match"]
[Site "204.178.125.65"]
[Date "2001.09.02"]
[Round "?"]
[White "Hossa"]
[Black "HangerOn"]
[Result "0-1"]
[WhiteElo "2235"]
[BlackElo "2519"]
[PlyCount "166"]
[EventDate "2001.??.??"]

1. e4 e5 2. Nf3 Nc6 3. Bb5 a6 4. Bxc6 bxc6 5. O-O d5 6. Nxe5 Nf6 7. Nxc6 Qd6 8.
exd5 Qxd5 9. Re1+ Be6 10. Ne5 Bc5 11. c3 Bd6 12. d4 O-O 13. c4 Qb7 14. d5 Bf5
15. Nd2 Rfe8 16. Ndf3 Ng4 17. Nxg4 Bxg4 18. Re3 Bc5 19. Rb3 Bxf3 20. Rxf3 Qb4
21. Bf4 Qxb2 22. Bxc7 Re4 23. Qc1 Rae8 24. Ba5 Qe2 25. Qd2 Rxc4 26. Qxe2 Rxe2
27. a3 Rd4 28. Rb3 f6 29. Kf1 Rc2 30. Rc3 Rxc3 31. Bxc3 Rxd5 32. Bb4 Bb6 33.
Re1 a5 34. Bc3 Bc7 35. Re7 Bxh2 36. g3 Rc5 37. Be1 Kf8 38. Ra7 Rc1 39. Rxa5 g5
40. Ke2 h5 41. Bd2 Rc2 42. Kd3 Ra2 43. Rf5 Rxa3+ 44. Kc4 Kf7 45. Bc3 Ra6 46.
Kb5 Re6 47. Kc4 Rc6+ 48. Kd3 Kg6 49. Rf3 f5 50. Kd4 h4 51. Kd5 Rc8 52. Bb4 h3
53. Ke6 g4 54. Rd3 Bg1 55. Rd6 Kg7 56. Kxf5 h2 57. Rg6+ Kh7 58. Rxg4 h1=Q 59.
Rh4+ Qxh4 60. gxh4 Bxf2 61. Be7 Rc4 62. Bf6 Bxh4 63. Be5 Bf2 64. Bd6 Kg7 65.
Ke6 Kg6 66. Be5 Re4 67. Kd5 Kf5 68. Bc3 Re7 69. Kc6 Re3 70. Bb4 Rb3 71. Bf8 Ke6
72. Bg7 Rb6+ 73. Kc7 Kd5 74. Bf8 Ra6 75. Bb4 Ra7+ 76. Kd8 Bh4+ 77. Ke8 Ke6 78.
Kf8 Bf6 79. Kg8 Rg7+ 80. Kf8 Rh7 81. Ke8 Rc7 82. Be7 Rc8+ 83. Bd8 Rxd8# {
Hossa checkmated} 0-1

[Event "ICS rated blitz match"]
[Site "204.178.125.65"]
[Date "2001.09.02"]
[Round "?"]
[White "Hossa"]
[Black "Endon"]
[Result "0-1"]
[WhiteElo "2558"]
[BlackElo "2396"]
[PlyCount "132"]
[EventDate "2001.??.??"]

1. d4 Nf6 2. Nf3 d5 3. c4 dxc4 4. g3 Nc6 5. e3 e5 6. Bxc4 exd4 7. Nxd4 Bb4+ 8.
Bd2 Bxd2+ 9. Qxd2 Nxd4 10. Qxd4 Qxd4 11. exd4 Bg4 12. h3 Bf3 13. O-O O-O-O 14.
Bxf7 Rxd4 15. Na3 Ne4 16. Rfc1 Rf8 17. Be6+ Kb8 18. Rxc7 Ng5 19. Re7 Re4 20.
Rxg7 Nxe6 21. Rxh7 Ng5 22. Rh6 Re2 23. Nc4 Bd5 24. Ne3 Nf3+ 25. Kf1 Rxe3 26.
fxe3 Nd4+ 27. Ke1 Nc2+ 28. Kd2 Nxa1 29. a3 Bg2 30. g4 Rf2+ 31. Kc3 Nc2 32. Rh8+
Kc7 33. Kd3 Ne1+ 34. Kd4 Nf3+ 35. Kc3 Re2 36. Kd3 Rxb2 37. Rh7+ Kd6 38. Rh6+
Ke5 39. Rh5+ Kf6 40. Kc3 Ra2 41. Ra5 a6 42. Ra4 Kg6 43. h4 Nxh4 44. e4 Nf3 45.
Ra5 Nh2 46. Kb3 Re2 47. Rf5 Nxg4 48. Rf8 Re3+ 49. Kc4 Rxa3 50. Rg8+ Kh5 51. Kb4
Re3 52. e5 Re4+ 53. Kc3 b5 54. Rh8+ Kg5 55. Rh7 a5 56. Ra7 b4+ 57. Kb2 Re2+ 58.
Kb3 Bd5+ 59. Ka4 b3 60. e6 Ra2+ 61. Kb5 b2 62. Kc5 b1=Q 63. Kxd5 Nf6+ 64. Kc4
Qb4+ 65. Kd3 Rd2+ 66. Ke3 Qc3# {Hossa checkmated} 0-1

[Event "ICS rated standard match"]
[Site "204.178.125.65"]
[Date "2001.09.02"]
[Round "?"]
[White "Tinker"]
[Black "Hossa"]
[Result "0-1"]
[WhiteElo "2295"]
[BlackElo "2230"]
[PlyCount "94"]
[EventDate "2001.??.??"]

1. e4 c5 2. Nf3 d6 3. d4 cxd4 4. Nxd4 Nf6 5. Nc3 a6 6. Be2 e6 7. O-O Be7 8. f4
O-O 9. Kh1 Nc6 10. a4 d5 11. Nxc6 bxc6 12. e5 Nd7 13. Qd3 a5 14. Qh3 Bc5 15.
Nd1 Ba6 16. Bxa6 Rxa6 17. Qd3 Ra8 18. Qg3 f6 19. Re1 fxe5 20. fxe5 Rf5 21. Bh6
Qe7 22. Bd2 Nxe5 23. Ne3 Rh5 24. Re2 Bd6 25. Nf1 Rf5 26. Qh3 Rf7 27. Ne3 c5 28.
Rd1 Raf8 29. Ree1 d4 30. Ng4 Nc4 31. Bc1 Rf5 32. Qb3 Ne5 33. Nxe5 Bxe5 34. Qh3
Qd7 35. Kg1 Qxa4 36. g4 Rf3 37. Qg2 Rf2 38. Qxf2 Rxf2 39. Kxf2 Qxc2+ 40. Rd2
Qg6 41. Kf3 h5 42. h3 hxg4+ 43. hxg4 Qf6+ 44. Ke2 c4 45. Rg1 d3+ 46. Ke1 Bf4
47. Rf2 Qe5+ {Tinker resigns} 0-1

[Event "ICS rated blitz match"]
[Site "204.178.125.65"]
[Date "2001.09.02"]
[Round "?"]
[White "NoWuss"]
[Black "Hossa"]
[Result "0-1"]
[WhiteElo "2043"]
[BlackElo "2535"]
[PlyCount "156"]
[EventDate "2001.??.??"]

1. Nf3 e6 2. e4 c6 3. d4 Be7 4. Nc3 d5 5. Bd3 dxe4 6. Nxe4 Nf6 7. Qe2 Nxe4 8.
Qxe4 f5 9. Qe2 O-O 10. O-O Bd6 11. c4 Bd7 12. c5 Be7 13. Bf4 Re8 14. Bc4 Bf6
15. a3 Kh8 16. Bd6 b5 17. Bd3 g6 18. Ne5 Kg8 19. b4 Na6 20. Bc2 Nc7 21. Bxc7
Qxc7 22. Bb3 Bxe5 23. dxe5 a5 24. Rad1 Re7 25. Rd6 axb4 26. axb4 Ra7 27. h3 Qc8
28. Kh2 Ra3 29. Qb2 Ra8 30. Rfd1 Ra7 31. Qc3 Qe8 32. Qd2 Qf7 33. Qc3 g5 34. Qg3
Qg6 35. f4 h6 36. R1d3 Kh7 37. Qf2 Qe8 38. Rg3 Qh5 39. Bd1 Qh4 40. Rf3 Qxf2 41.
Rxf2 Kg6 42. h4 g4 43. Bb3 Ra3 44. Rb2 Kh5 45. g3 Ra7 46. Ra2 Rxa2+ 47. Bxa2
Kg6 48. Kg1 h5 49. Kf1 Kf7 50. Ke1 Ke8 51. Kd1 Kd8 52. Kc1 Re8 53. Kb2 Ke7 54.
Bb3 Rd8 55. Bd1 Ra8 56. Be2 Ra4 57. Rd4 Bc8 58. Bf1 Bd7 59. Bg2 Be8 60. Bf1 Bd7
61. Be2 Bc8 62. Bd1 Ra8 63. Rd6 Bd7 64. Bb3 Rd8 65. Rd1 Kf7 66. Ra1 Be8 67. Kc3
Bd7 68. Ra7 Ke8 69. Bc2 Kf8 70. Bd3 Be8 71. Bf1 Rd1 72. Bg2 Rc1+ 73. Kb3 Re1
74. Rc7 Re3+ 75. Kb2 Re2+ 76. Kc1 Rxg2 77. Kd1 Rxg3 78. Kd2 Rf3 {NoWuss resigns
} 0-1

[Event "ICS rated blitz match"]
[Site "204.178.125.65"]
[Date "2001.09.02"]
[Round "?"]
[White "Hossa"]
[Black "ROVER2002"]
[Result "1-0"]
[WhiteElo "2537"]
[BlackElo "2281"]
[PlyCount "43"]
[EventDate "2001.??.??"]

1. d4 Nf6 2. Nf3 e6 3. c4 Bb4+ 4. Nbd2 b6 5. a3 Bxd2+ 6. Bxd2 Bb7 7. Bg5 O-O 8.
e3 c5 9. Bd3 d6 10. O-O Nbd7 11. b3 Rc8 12. Qe2 Qc7 13. e4 e5 14. d5 Rce8 15.
Nh4 Bc8 16. Nf5 g6 17. Nh6+ Kg7 18. Qe3 Ng8 19. Nxg8 Kxg8 20. Bh6 f5 21. exf5
gxf5 22. Qg3+ {ROVER2002 resigns} 1-0

[Event "ICS rated blitz match"]
[Site "204.178.125.65"]
[Date "2001.09.02"]
[Round "?"]
[White "Hossa"]
[Black "Shrewder"]
[Result "1-0"]
[WhiteElo "2543"]
[BlackElo "2339"]
[PlyCount "105"]
[EventDate "2001.??.??"]

1. e4 e6 2. d4 d5 3. Nc3 dxe4 4. Nxe4 Nd7 5. Bd3 Ngf6 6. Qe2 Nxe4 7. Bxe4 c5 8.
d5 Nf6 9. Bg5 Qa5+ 10. c3 Nxe4 11. Qxe4 Qb6 12. O-O-O f6 13. Bf4 e5 14. Bd2 Bd6
15. Ne2 O-O 16. c4 Qc7 17. Nc3 a6 18. Nb1 b5 19. Na3 Bd7 20. h4 f5 21. Qd3 e4
22. Qe2 Be5 23. Bg5 Rab8 24. Be7 Rfe8 25. d6 Qc6 26. Qd2 Be6 27. d7 Bxd7 28.
Qxd7 Qxd7 29. Rxd7 b4 30. Nb1 Bd4 31. Rf1 f4 32. Bd6 e3 33. fxe3 Bxe3+ 34. Kc2
Re4 35. Bxb8 Rxc4+ 36. Kb3 Re4 37. Nd2 Re8 38. Bxf4 Bxf4 39. Rxf4 Rf8 40. Rxf8+
Kxf8 41. Rd8+ Ke7 42. Rd5 a5 43. Rxc5 a4+ 44. Kc4 Kd6 45. Ne4+ Ke6 46. Kd4 b3
47. Re5+ Kd7 48. Kd5 bxa2 49. Nc5+ Kc7 50. Re7+ Kb6 51. Rb7+ Ka5 52. Kc6 a3 53.
b4# {Shrewder checkmated} 1-0

[Event "ICS rated blitz match"]
[Site "204.178.125.65"]
[Date "2001.09.02"]
[Round "?"]
[White "Shrewder"]
[Black "Hossa"]
[Result "0-1"]
[WhiteElo "2331"]
[BlackElo "2551"]
[PlyCount "112"]
[EventDate "2001.??.??"]

1. Nf3 f5 2. d4 Nf6 3. c4 e6 4. g3 Be7 5. Bg2 O-O 6. O-O Ne4 7. b3 c5 8. Bb2
Bf6 9. Nbd2 Nc6 10. e3 d5 11. cxd5 exd5 12. a3 Re8 13. Rc1 b6 14. Qc2 Ba6 15.
Rfe1 Qe7 16. dxc5 Bxb2 17. Qxb2 bxc5 18. b4 c4 19. Nb1 Qd6 20. Nd4 Qf6 21. Red1
Bb7 22. Nc3 Nxd4 23. Rxd4 Bc6 24. Ne2 Rac8 25. Nc3 Re5 26. Rcd1 Rce8 27. Qc2
Qf7 28. b5 Bb7 29. a4 R8e7 30. Bxe4 fxe4 31. a5 Rh5 32. Qe2 Rf5 33. b6 Bc6 34.
Rb1 axb6 35. axb6 Qe6 36. Qb2 Ref7 37. Rf1 Rh5 38. f4 exf3 39. Qf2 Re5 40. Re1
g5 41. b7 Bxb7 42. Rb1 Rxe3 43. Nb5 Re2 44. Rd2 Rxf2 45. Rxf2 g4 46. Kf1 Qe3
47. Re1 Qc5 48. Nc3 d4 49. Nd1 c3 50. Nxc3 dxc3 51. Rc1 Ba6+ 52. Kg1 Qe3 53.
Rd1 c2 54. Ra1 c1=Q+ 55. Rxc1 Qxc1+ 56. Rf1 Qxf1# {Shrewder checkmated} 0-1

[Event "ICS rated blitz match"]
[Site "204.178.125.65"]
[Date "2001.09.02"]
[Round "?"]
[White "Hossa"]
[Black "celik"]
[Result "1-0"]
[WhiteElo "2558"]
[BlackElo "2203"]
[PlyCount "23"]
[EventDate "2001.??.??"]

1. d4 e6 2. c4 Nf6 3. Nc3 Bb4 4. Qc2 O-O 5. Bg5 h6 6. Bh4 d6 7. O-O-O Qe7 8. e3
Nbd7 9. Bd3 e5 10. Nd5 Nxd5 11. Bxe7 Nxe7 12. a3 {celik resigns} 1-0

[Event "ICS rated blitz match"]
[Site "204.178.125.65"]
[Date "2001.09.02"]
[Round "?"]
[White "knightmare51"]
[Black "Hossa"]
[Result "0-1"]
[WhiteElo "2157"]
[BlackElo "2562"]
[PlyCount "74"]
[EventDate "2001.??.??"]

1. c4 g6 2. g3 Bh6 3. Bg2 Nf6 4. Nc3 c6 5. d4 Bxc1 6. Rxc1 O-O 7. e4 d6 8. h3
e5 9. Nf3 exd4 10. Nxd4 Be6 11. Nxe6 fxe6 12. e5 dxe5 13. Qe2 Nbd7 14. O-O Rf7
15. h4 Qe7 16. Rcd1 Raf8 17. Bh3 Nb6 18. b3 Nbd7 19. Rd2 a6 20. Qe3 b5 21. cxb5
axb5 22. Ne4 Nxe4 23. Qxe4 Rc8 24. Rfd1 Rc7 25. Rd6 Rf6 26. b4 c5 27. bxc5 Nxc5
28. Qb4 Nb7 29. Rd8+ Nxd8 30. Qxe7 Rxe7 31. Rxd8+ Kg7 32. Rb8 Ra7 33. Rxb5 Rxa2
34. Rxe5 Rfxf2 35. Rxe6 Rf3 36. Re7+ Kf6 37. Rxh7 Rxg3+ {knightmare51 resigns}
0-1